The Americas in 1989, conseus for action a report of the inter-american dialogue
Gardado en:
| Formato: | Libro |
|---|---|
| Idioma: | Spanish |
| Publicado: |
Washington, D. C. :
The Aspen Institute,
1989
|
| Materias: | |
| Etiquetas: |
Engadir etiqueta
Sen Etiquetas, Sexa o primeiro en etiquetar este rexistro!
|
MARC
| LEADER | 00000nam a22000007a 4500 | ||
|---|---|---|---|
| 003 | cru CIDCACS/IIS | ||
| 005 | 20230804062554.0 | ||
| 007 | ta | ||
| 008 | 191014b ||||| |||| 00| 0 spa d | ||
| 999 | |c 42488 |d 42488 | ||
| 040 | |c cru CIDCACS/IIS | ||
| 090 | |a 10146.00 | ||
| 245 | 0 | 4 | |a The Americas in 1989, conseus for action a report of the inter-american dialogue |
| 260 | |a Washington, D. C. : |b The Aspen Institute, |c 1989 | ||
| 300 | |a 92 p | ||
| 650 | 7 | |9 8696 |a INVESTIGACION SOBRE EL DESARROLLO | |
| 650 | 0 | |a POLITICAS DE DESARROLLO |9 3369 | |
| 650 | 4 | |9 2655 |a POLITICA ECONOMICA | |
| 650 | 0 | |9 289 |a POLITICA SOCIAL | |
| 650 | 0 | |9 143 |a ECONOMIA | |
| 650 | 4 | |9 2728 |a ANALISIS ECONOMICO | |
| 650 | 0 | |9 83 |a DEMOCRACIA | |
| 650 | 0 | |9 3066 |a ASPECTOS POLITICOS | |
| 650 | 4 | |9 1839 |a DEUDA EXTERNA | |
| 650 | 0 | |9 4091 |a INVESTIGACION SOBRE LA PAZ | |
| 650 | 4 | |9 2728 |a ANALISIS ECONOMICO | |
| 942 | |2 ddc |c LI | ||
